| 000 | 00538nam a2200181 a 4500 | ||
|---|---|---|---|
| 001 | 000029565 | ||
| 003 | OSt | ||
| 005 | 20260321073641.0 | ||
| 008 | 110418s1985 dr 000 | spa d | ||
| 040 |
_aDO-SdBNP _bspa _cBNPHU |
||
| 049 | _aBNPD | ||
| 082 |
_axxx _bB742r |
||
| 100 | 1 |
_a Bosch, Juan, _d1909-2001 _976555 |
|
| 245 | 1 | 3 |
_aLa República Dominicana : _bcausas de la intervención militar norteamericana de 1965 / _cJuan Bosch. |
| 260 |
_aSanto Domingo : _bAlfa & Omega, _c1985. |
||
| 300 |
_a18 p. ; _c20 cm. |
||
| 942 |
_2ddc _cLBS1 |
||
| 999 |
_c29057 _d29057 |
||